Guess the country by a non-largest city - Statistics

General Stats
  • This quiz has been taken 496 times
  • The average score is 12 of 20
Answer Stats
Picture Answer % Correct
USA
96%
Italy
88%
Japan
78%
Russia
77%
Netherlands
75%
Spain
74%
Brazil
73%
Mexico
73%
Sweden
73%
Australia
67%
Turkey
56%
Peru
55%
Egypt
53%
Hungary
52%
Cuba
49%
Pakistan
38%
Kazakhstan
37%
Algeria
34%
Laos
34%
Senegal
17%
No matching quizzes found
Score Distribution
Percent of People with Each Score
Percentile by Number Answered
Your Score History
You have not taken this quiz